|
|
|
|
| LEADER |
00979nab#a2200325#ar4500 |
| 001 |
000074040 |
| 003 |
SVKKK |
| 005 |
20040512xxxxxxx. |
| 008 |
06 c xo huno |
| FMT |
|
|
|
| 038 |
|
|
|a SVKKK
|
| 040 |
|
|
|a SVKKK
|b slo
|e AACR2
|
| 041 |
0 |
|
|a hun
|
| 044 |
|
|
|a xo
|c SK
|
| 080 |
|
|
|a 64.024.3
|
| 100 |
1 |
|
|a Gyuraskó, Ján
|4 aut
|
| 242 |
1 |
0 |
|a S hosťovskými izbami...
|
| 245 |
1 |
0 |
|a Vendégszobákkal...
|c Ján Gyuraskó
|
| 500 |
|
|
|a János
|
| 500 |
|
|
|a mikrofilm
|
| 520 |
2 |
|
|a Inzerát približuje ponuku služieb hostinca Koruna (Korona) v Humennom, ktorý spravuje Ján Gyuraskó. Po rekonštrukcii ponúka aj hotelové izby.
|
| 650 |
0 |
4 |
|a Gyuraskó, Ján (hostinský) - Koruna, Humenné (hostinec) - izby hotelové - Humenné - rok 1912 - inzeráty
|
| 773 |
0 |
|
|t Felvidéki Hirlap
|g Roč. 5, č. 34 (01.09.1912) s. 4
|
| 957 |
|
|
|a Humenné
|
| 958 |
|
|
|a DG
|
| 958 |
|
|
|a SK
|
| 974 |
|
|
|a Ba
|d 20040512
|
| 992 |
|
|
|a RBX
|
| BAS |
|
|
|
| 998 |
|
|
|a RETRO
|